| 000 | 00922nam a2200265 a 4500 | ||
|---|---|---|---|
| 001 | 000024449 | ||
| 005 | 20240406073830.0 | ||
| 008 | 110127s1987 mx r 000 | spa d | ||
| 020 | _a9686642544 | ||
| 040 |
_aDO-SdBNP _bspa _cBNPHU |
||
| 041 | 1 | 7 |
_aeng _hspa |
| 082 |
_a321.8 _bD131u |
||
| 100 | 1 |
_aDahl, Robert A., _d1915- _950123 |
|
| 240 | 1 | 0 |
_aA preface to democratic theory. _lEspañol |
| 245 | 1 | 0 |
_aUn prefacio a la teoría democrática / _cRobert A. Dahl; traducción José Luis González. |
| 260 |
_aMéxico, D. F. : _bEdiciones Gernika, _c1987. |
||
| 300 |
_a197 p. ; _c21 cm. |
||
| 490 | 1 | _aCiencias políticas | |
| 534 |
_aTítulo original en inglés : _tA preface to democratic theory. |
||
| 650 | 0 |
_aDemocracia _9286 |
|
| 651 | 4 |
_aEstados Unidos _xPolítica Y Gobierno _95436 |
|
| 650 | 4 |
_aTeoría política _933301 |
|
| 700 | 1 |
_aGonzález, José Luis _etr. _95327 |
|
| 830 | 0 |
_aCiencias políticas _948695 |
|
| 999 |
_c23942 _d23942 |
||